Differential equations (Record no. 63850)

000 -LEADER
fixed length control field 00468nam a22001817a 4500
003 - CONTROL NUMBER IDENTIFIER
control field NUST - PNEC
005 - DATE AND TIME OF LATEST TRANSACTION
control field 20170116180825.0
008 - FIXED-LENGTH DATA ELEMENTS--GENERAL INFORMATION
fixed length control field 150702b xxu||||| |||| 00| 0 eng d
020 ## - INTERNATIONAL STANDARD BOOK NUMBER
International Standard Book Number 0132116324
040 ## - CATALOGING SOURCE
Transcribing agency LIBRARY
082 ## - DEWEY DECIMAL CLASSIFICATION NUMBER
Classification number 515.35 LOM
100 ## - MAIN ENTRY--PERSONAL NAME
9 (RLIN) 4302
Personal name Lomen, David,
245 ## - TITLE STATEMENT
Title Differential equations
Statement of responsibility, etc. David Lomen
260 ## - PUBLICATION, DISTRIBUTION, ETC.
Place of publication, distribution, etc. USA
Name of publisher, distributor, etc. Prentice-hall international .inc
Date of publication, distribution, etc. c1988.
300 ## - PHYSICAL DESCRIPTION
Extent 463 p. :
650 ## - SUBJECT ADDED ENTRY--TOPICAL TERM
9 (RLIN) 4303
Topical term or geographic name entry element Math
General subdivision ME
942 ## - ADDED ENTRY ELEMENTS (KOHA)
Source of classification or shelving scheme
Koha item type Book
Holdings
Withdrawn status Lost status Source of classification or shelving scheme Damaged status Not for loan Permanent Location Current Location Shelving location Date acquired Source of acquisition Cost, normal purchase price Total Checkouts Full call number Barcode Date last seen Cost, replacement price Price effective from Koha item type
          Pakistan Navy Engineering College (PNEC) Pakistan Navy Engineering College (PNEC)     Reprodned photocopy / Library / Reference Grant 186.00   515.35 LOM PNECLIB-013981 07/02/2015 186.00   Book
          Pakistan Navy Engineering College (PNEC) Pakistan Navy Engineering College (PNEC)           515.35 LOM PNECLIB-013982 10/06/2015     Book
© 2023 Central Library, National University of Sciences and Technology. All Rights Reserved.